000
00180nam a2200073Ia 4500
008
170617s9999 xx 000 0 und d
100
_a
Prescatt & Dunns
245
0
_a
Industrial Microbiology
260
_b
Elesvir Pub
999
_c
15093
_d
15093